[Event "Klubbmesterskap"]
[Site "Ås"]
[Date "1996.03.19"]
[Round "5"]
[White "Lea, Per"]
[Black "Rangøy, Helge"]
[Result "1-0"]
[WhiteElo "1651"]
[BlackElo "1662"]
[PlyCount "80"]
[EventDate "1996.??.??"]

1. e4 e5 2. Nf3 Nc6 3. Bc4 Be7 4. d4 exd4 5. Nxd4 d6 6. O-O Nf6 7. Nc3 O-O 8.
f4 Nxe4 9. Nxc6 bxc6 10. Nxe4 d5 11. Bd3 dxe4 12. Bxe4 Bc5+ 13. Kh1 Qf6 14. Qh5
Re8 15. Bxh7+ Kf8 16. Qxc5+ Qd6 17. Qxd6+ cxd6 18. Bd3 Bg4 19. Bd2 Be2 20. Rfe1
Bxd3 21. Rxe8+ Rxe8 22. cxd3 Re2 23. Rd1 f5 24. Kg1 Kf7 25. Kf1 Re7 26. Re1 Rb7
27. Bc3 c5 28. b3 d5 29. Re5 d4 30. Rxf5+ Ke6 31. Re5+ Kd6 32. Be1 Rb6 33. Rg5
Rb7 34. Bg3 a5 35. Rg6+ Kd5 36. f5 c4 37. Rd6+ Kc5 38. dxc4 a4 39. Rd5+ Kb4 40.
Rb5+ Rxb5 1-0

[Event "Klubbmesterskapet 1996 (A)"]
[Site "Ås, Akershus NOR"]
[Date "1996.04.23"]
[Round "5"]
[White "Olsen, Trygve"]
[Black "Sterk, Michel"]
[Result "1-0"]
[WhiteElo "1183"]
[BlackElo "1356"]
[PlyCount "69"]

1. e4 e6 2. c3 c5 3. Qa4 Nc6 4. Nf3 Nf6 5. Bd3 a6 6. e5 b5 7. Bxb5 axb5 8. Qxa8
Nd5 9. Qa3 c4 10. b4 Nf4 11. O-O Nd3 12. Qa8 Ne7 13. Na3 Qb6 14. Nd4 g6 15.
Naxb5 Nxe5 16. a4 Kd8 17. a5 Qb7 18. Qxb7 Bxb7 19. a6 Ba8 20. Nd6 Nd5 21. Nb7+
Kc8 22. Nc5 Bxc5 23. bxc5 Nf4 24. f3 Ned3 25. Ba3 e5 26. Nb5 Ne2+ 27. Kh1 h5
28. Bb4 Nef4 29. Nd6+ Kc7 30. Ba5+ Kc6 31. Bb6 Nxc5 32. Bxc5 Kxc5 33. Nxf7 Re8
34. Rad1 Kb6 35. Kg1 1-0

[Event "Klubbmesterskap"]
[Site "Ås"]
[Date "1996.03.26"]
[Round "6"]
[White "Weberg, Øyvind"]
[Black "Lea, Per"]
[Result "0-1"]
[WhiteElo "1645"]
[BlackElo "1651"]
[PlyCount "100"]
[EventDate "1996.??.??"]

1. c4 c5 2. Nc3 Nc6 3. Nf3 Nf6 4. g3 g6 5. Bg2 Bg7 6. O-O O-O 7. d3 a6 8. Bd2
Rb8 9. Bf4 d6 10. Qd2 b5 11. cxb5 axb5 12. Rfc1 b4 13. Na4 e5 14. Bh6 Bxh6 15.
Qxh6 Ng4 16. Qd2 f5 17. Ng5 Nd4 18. Bd5+ Kg7 19. h3 Nh6 20. e3 Qxg5 21. h4 Qg4
22. exd4 Qxd4 23. Bg2 Ba6 24. Rd1 f4 25. gxf4 Rxf4 26. Qe3 Rxh4 27. b3 Rf8 28.
Qxd4 Rxd4 29. Be4 Ng4 30. Rd2 Nf6 31. Rad1 Nxe4 32. dxe4 Rf4 33. Rxd4 cxd4 34.
Rc1 Rg4+ 35. Kh2 Rxe4 36. Rc6 Bb5 37. Rxd6 Bxa4 38. bxa4 Re2 39. Rb6 Rxf2+ 40.
Kg3 Rxa2 41. Rxb4 Kf6 42. Kf3 Kf5 43. Rb7 e4+ 44. Kg3 Rxa4 45. Rxh7 Ra3+ 46.
Kf2 Kg4 47. Rd7 Ra2+ 48. Ke1 Kf3 49. Rxd4 Ke3 50. Rd1 Rh2 0-1

[Event "Klubbmesterskap"]
[Site "Ås"]
[Date "1996.04.30"]
[Round "8"]
[White "Moberg, Jan Rune"]
[Black "Lea, Per"]
[Result "0-1"]
[WhiteElo "1300"]
[BlackElo "1651"]
[PlyCount "82"]
[EventDate "1996.??.??"]

1. d4 d5 2. c4 e5 3. e3 exd4 4. Qxd4 Nf6 5. cxd5 Qxd5 6. Nf3 Bc5 7. Qc4 Be6 8.
Qc2 Bf5 9. Qa4+ Bd7 10. Bb5 Nc6 11. O-O O-O-O 12. Nc3 Qh5 13. Qf4 Bd6 14. Qg5
Bxh2+ 15. Kh1 Bd6+ 16. Qxh5 Nxh5 17. Ne4 Bb4 18. a3 Ba5 19. b4 Bb6 20. Bb2 Rhe8
21. Nc3 Bxe3 22. fxe3 Ng3+ 23. Kg1 Nxf1 24. Rxf1 f6 25. Kf2 a6 26. Ba4 Ne5 27.
Bxd7+ Rxd7 28. Nxe5 Rd2+ 29. Ne2 Rxb2 30. Nd3 Rb3 31. Nec1 Rxa3 32. Ke2 Rc3 33.
Rf4 Rc2+ 34. Kf3 Rd8 35. Rd4 b6 36. g4 c5 37. Rxd8+ Kxd8 38. bxc5 bxc5 39. Nb3
c4 40. Nb4 cxb3 41. Nxc2 bxc2 0-1

[Event "Klubbmesterskap"]
[Site "Ås"]
[Date "1996.05.07"]
[Round "9"]
[White "Lea, Per"]
[Black "Kalunga, Willie"]
[Result "1-0"]
[WhiteElo "1651"]
[BlackElo "1741"]
[PlyCount "57"]
[EventDate "1996.??.??"]

1. e4 d6 2. d4 g6 3. c4 Bg7 4. Nc3 Nf6 5. f4 O-O 6. Nf3 c5 7. dxc5 dxc5 8. Qxd8
Rxd8 9. Bd2 Nc6 10. e5 Ne8 11. O-O-O Nc7 12. Be2 Bf5 13. Be3 Ne6 14. Nd5 Bf8
15. Rd2 Nb4 16. Nxb4 Rxd2 17. Nxd2 cxb4 18. g4 Nxf4 19. Bxf4 Be6 20. b3 a5 21.
Rd1 a4 22. bxa4 Rxa4 23. Kb2 b5 24. cxb5 Rxa2+ 25. Kb1 h5 26. Bc4 Bxc4 27. Nxc4
Rf2 28. Bg3 Re2 29. b6 1-0

[Event "NM"]
[Site "Randaberg"]
[Date "1989.??.??"]
[Round "?"]
[White "Solem, Trond"]
[Black "Bergstad, Odd Øivind"]
[Result "1/2-1/2"]
[WhiteElo "2033"]
[BlackElo "2092"]
[PlyCount "42"]
[EventDate "1989.??.??"]

1. d4 Nf6 2. c4 g6 3. Nc3 d5 4. cxd5 Nxd5 5. Nf3 Bg7 6. Qb3 Nb6 7. e4 O-O 8.
Be3 Bg4 9. d5 c6 10. a4 cxd5 11. a5 Nc4 12. Bxc4 dxc4 13. Qxb7 Qd3 14. Rd1
Bxc3+ 15. bxc3 Qxc3+ 16. Bd2 Qd3 17. Qxa8 Rd8 18. Qxa7 c3 19. Qe3 cxd2+ 20.
Rxd2 Qb1+ 21. Ke2 Qb5+ 1/2-1/2

[Event "Østlandserien, 2.div. avd B"]
[Site "?"]
[Date "1991.??.??"]
[Round "6"]
[White "Solem, Trond"]
[Black "Djurhuus, Rune"]
[Result "1-0"]
[WhiteElo "2106"]
[BlackElo "2394"]
[PlyCount "57"]
[EventDate "1991.??.??"]

1. d4 Nf6 2. c4 d6 3. Nc3 Nbd7 4. g3 g6 5. Bg2 Bg7 6. e3 O-O 7. Nge2 e5 8. O-O
Nh5 9. g4 Nhf6 10. h3 h5 11. g5 Ne8 12. f4 c6 13. b3 Nc7 14. Ba3 exd4 15. exd4
c5 16. Ne4 Ne6 17. Nxd6 Nxd4 18. Nxd4 Bxd4+ 19. Kh1 Qa5 20. Nb5 Bxa1 21. Qxa1
a6 22. Nd6 Qxa3 23. f5 f6 24. fxg6 Qa5 25. gxf6 Nxf6 26. Rxf6 Rxf6 27. Qxf6
Qe1+ 28. Kh2 Be6 29. Nf5 1-0

[Event "NM, Klasse 2"]
[Site "Oslo"]
[Date "1993.07.??"]
[Round "?"]
[White "Lunde, Sigmund"]
[Black "Rangøy, Helge"]
[Result "1-0"]
[WhiteElo "1627"]
[BlackElo "1704"]
[PlyCount "59"]
[EventDate "1993.??.??"]

1. e4 e5 2. Nf3 Nc6 3. Bc4 Be7 4. O-O Nf6 5. d3 O-O 6. Nc3 d6 7. Ne1 Na5 8. Bb3
Nxb3 9. axb3 d5 10. Bg5 d4 11. Ne2 c5 12. f4 Ng4 13. Bxe7 Qxe7 14. Qd2 Ne3 15.
Rf2 Ng4 16. Rf3 Qh4 17. h3 Ne3 18. fxe5 Qg5 19. b4 b6 20. bxc5 bxc5 21. Ra5
Qxe5 22. b4 Rb8 23. Rxc5 Qd6 24. c3 f5 25. cxd4 f4 26. Nxf4 Nxg2 27. Kxg2 Qxd4
28. Qa2+ Kh8 29. Ng6+ hxg6 30. Rxf8+ 1-0